000 00281nam a2200121Ia 4500
008 190216s9999||||xx |||||||||||||| ||und||
100 _aVaikom Muhammad Basheer
245 0 _aJeevitha Nizhalpadukal
260 _bDc Books Kottayam
300 _a40
650 _aNovel
942 _cBK
999 _c29219
_d29219